Pokemon Unite Playable Characters - Statistics

General Stats
  • This quiz has been taken 230 times
    12 since last reset
  • The average score is 55 of 77
Answer Stats
Hint Answer % Correct
All-Rounder Charizard
100%
All-Rounder Azumarill
89%
Defender Blastoise
89%
Speedster Gengar
89%
All-Rounder Gyarados
89%
All-Rounder Machamp
89%
Attacker Mew
89%
Attacker Mewtwo
89%
Supporter Mr. Mime
89%
All-Rounder Suicune
89%
Attacker Venusaur
89%
Supporter Wigglytuff
89%
Attacker Alolan Raichu
78%
Supporter Blissey
78%
Supporter Clefable
78%
Attacker Delphox
78%
Speedster Dodrio
78%
Attacker Dragapult
78%
Supporter Eldegoss
78%
Attacker Espeon
78%
Speedster Galarian Rapidash
78%
All-Rounder Garchomp
78%
Attacker Gardevoir
78%
Attacker Greninja
78%
Defender Ho-Oh
78%
Defender Lapras
78%
Speedster Leafeon
78%
All-Rounder Lucario
78%
Defender Mamoswine
78%
Attacker Pikachu
78%
All-Rounder Scizor
78%
Defender Slowbro
78%
Defender Snorlax
78%
Attacker Sylveon
78%
Speedster Talonflame
78%
Defender Umbreon
78%
Speedster Zoroark
78%
Speedster Absol
67%
Attacker Alolan Ninetales
67%
All-Rounder Armarouge
67%
All-Rounder Blaziken
67%
All-Rounder Ceruledge
67%
Attacker Cinderace
67%
Attacker Cramorant
67%
Speedster Darkrai
67%
Attacker Decidueye
67%
All-Rounder Dragonite
67%
Attacker Duraludon
67%
All-Rounder Empoleon
67%
Attacker Glaceon
67%
Defender Greedent
67%
Supporter Hoopa
67%
Attacker Inteleon
67%
Supporter Latias
67%
Attacker Latios
67%
Speedster Meowscarada
67%
All-Rounder Metagross
67%
Supporter Psyduck
67%
Supporter Sableye
67%
Defender Trevenant
67%
All-Rounder Tyranitar
67%
All-Rounder Urshifu
67%
All-Rounder Zacian
67%
Speedster Zeraora
67%
All-Rounder Aegislash
56%
Supporter Alcremie
56%
All-Rounder Buzzwole
56%
Attacker Chandelure
56%
Supporter Comfey
56%
Defender Crustle
56%
All-Rounder Falinks
56%
Defender Goodra
56%
All-Rounder Tinkaton
56%
All-Rounder Tsareena
56%
All-Rounder Mimikyu
44%
Attacker Miraidon
44%
All-Rounder Pawmot
33%
No matching quizzes found
Score Distribution
Percent of People with Each Score
Percentile by Number Answered
Your Score History
You have not taken this quiz since the last reset